| 000 | 01025cab a22002775a 4500 | ||
|---|---|---|---|
| 001 | L159884 | ||
| 008 | 150113e2017 xxk 000 0 eng d | ||
| 035 | _a(Sirsi) u159884 | ||
| 041 | 0 | _aeng | |
| 050 | _a306.82 $2 18 | ||
| 100 | 1 | _aAppleby, Mike | |
| 245 | 0 | 0 |
_aRough patch _h[electronic resource] |
| 260 |
_aLondon _bRICS _c2017 |
||
| 490 |
_aRICS Building Surveying Journal _vDecember 2017 - January 2018, 18-20(3) |
||
| 520 | _aWith homelessness becoming an increasingly visible problem across the country, authors consider the legal and ethical implications of dealing with rough sleepers around commercial properties. | ||
| 650 | 2 | 4 | _aHOMELESSNESS |
| 650 | 2 | 4 | _aPUBLIC SPACE |
| 650 | 2 | 4 | _aDETERRENTS |
| 650 | 2 | 4 |
_aProperty management _96262 |
| 651 | 4 |
_aUnited Kingdom _y |
|
| 690 |
_aCommercial property _96227 |
||
| 700 | 1 | _aTaylor, Anthony | |
| 856 | 4 | 0 |
_uhttps://issuu.com/ricsmodus/docs/building_surveying_journal_december_cfa9ea648afe6a _yAvailable free online via Issuu |
| 856 | 4 | 0 |
_u _z |
| 942 | _n0 | ||
| 999 |
_c85043 _d85043 |
||